00336nam a22001217a 450000500170000000800410001704000130005808200220007110000160009324500610010926000360017030000080020620181214120526.0181214b ||||| |||| 00| 0 eng d cPK-LaUMT aRHC 297.74bFAT-P aFathi Yakan aProblems faced by the Dawah and the daiyah/cFathi Yakan aIslamabad:bDawah Academyc1998 a239